header

A sociological look at biofuels (Record no. 169854)

MARC details
000 -LEADER
fixed length control field 01445nam a2200349Ia 4500
082 04 - DEWEY DECIMAL CLASSIFICATION NUMBER
Classification number 662/.88
100 1# - MAIN ENTRY--AUTHOR NAME
Personal name Carolan, Michael S.
245 12 - TITLE STATEMENT
Title A sociological look at biofuels
260 ## - PUBLICATION, DISTRIBUTION, ETC. (IMPRINT)
Place of publication New York :
Name of publisher Nova Science Publishers,
Year of publication c2010.
300 ## - PHYSICAL DESCRIPTION
Number of Pages xii, 91 p. :
Other physical details ill.
490 1# - SERIES STATEMENT
Series statement Energy science, engineering and technology series.
650 #0 - SUBJECT ADDED ENTRY--TOPICAL TERM
Topical Term Biomass energy
Topical Term Biomass energy
856 40 - ELECTRONIC LOCATION AND ACCESS
Uniform Resource Identifier http://site.ebrary.com/lib/rucke/Doc?id=10661780

No items available.

© 2026 Rongo University
Contact us: librarian | system librarian | Rongo university